| 000 | 00349nam a22001337a 4500 | ||
|---|---|---|---|
| 020 | _qPB. | ||
| 040 | _cFIZZA ISHAQ | ||
| 082 |
_a686.225 _bBAR |
||
| 100 |
_aJ.BARON. _9133665 |
||
| 245 |
_aPROFESSIONAL WEB RESUME / _cBARON J. |
||
| 260 |
_aNEW YORK ; _bPACIFICA INTERNET AUTHORING TOOLS, _c1997. |
||
| 300 |
_a186 P. ; _c8.9X6.9IN |
||
| 942 |
_2ddc _cBK |
||
| 999 |
_c616628 _d616628 |
||